Statistiques concernant Les films de François Ozon

Cliquez ici pour prendre le quiz!

Statistiques générales

  • Ce quiz a été pris 94 fois
    (40 depuis la dernière actualisation)
  • Le résultat moyen est 10 sur 17

Statistiques - réponses

AnnéeIndiceFilm% Correct
2001Danielle DarrieuxHuit femmes
94%
2003Ludivine SagnierSwimming Pool
75%
2010Usine de parapluiesPotiche
72%
2000Charlotte RamplingSous le sable
66%
2013ProstitutionJeune et jolie
63%
2017JumeauxL'amant double
63%
2000Rainer Werner FassbinderGouttes d'eau sur pierres brûlantes
59%
2009Bébé volantRicky
59%
2014Romain DurisUne nouvelle amie
59%
2012RédactionsDans la maison
56%
201614-18Frantz
56%
2004Couple5x2
50%
1998RatSitcom
50%
1999Natacha RégnierLes amants criminels
44%
2005Jeanne MoreauLe temps qui reste
38%
2007Michael FassbenderAngel
34%
2010OverdoseLe Refuge
34%

Distribution des résultats

Percentile par nombre de réponses

% des personnes avec chaque résultat

Votre développement - résultats

Vous n’avez pas pris ce quiz depuis la dernière actualisation